ظريف ودبدوبة الكسلانة / (Record no. 43483)

MARC details
000 -LEADER
fixed length control field 00607nam a22001937a 4500
005 - DATE AND TIME OF LATEST TRANSACTION
control field 20251108170546.0
008 - FIXED-LENGTH DATA ELEMENTS--GENERAL INFORMATION
fixed length control field 250721s9999 xx 000 0 ara d
082 14 - DEWEY DECIMAL CLASSIFICATION NUMBER
Classification number ط/ق/عبد
100 1# - MAIN ENTRY--PERSONAL NAME
Personal name عبد الباري، عفاف
245 10 - TITLE STATEMENT
Title ظريف ودبدوبة الكسلانة /
264 ## - PRODUCTION, PUBLICATION, DISTRIBUTION, MANUFACTURE, AND COPYRIGHT NOTICE
Name of producer, publisher, distributor, manufacturer مكتبة الدار العربية للكتاب،
Date of production, publication, distribution, manufacture, or copyright notice [19-].
300 ## - PHYSICAL DESCRIPTION
Extent 16ص.
490 0# - SERIES STATEMENT
Series statement مغامرات ظريف ؛ 4
650 17 - SUBJECT ADDED ENTRY--TOPICAL TERM
Topical term or geographic name as entry element القصص العربية
653 ## - INDEX TERM--UNCONTROLLED
Uncontrolled term اطفال مرحلة متوسطة (6-9)سنوات
700 1# - ADDED ENTRY--PERSONAL NAME
Personal name فريد، محمد
942 ## - ADDED ENTRY ELEMENTS (KOHA)
Source of classification or shelving scheme Dewey Decimal Classification
Koha item type Books
Holdings
حالة السحب حالة الفقدان مصدر التصنيف حالة التلف غير قابل للإعارة المكتبة الرئيسية المكتبة الحالية موقع الرف تاريخ التزويد الرقم المتسلسل Total Checkouts رقم الإستدعاء تاريخ آخر ظهور تاريخ الفاتورة نوع المادة (كوها) الباركود
    Dewey Decimal Classification Unchecked   مكتبة أم قصير والمقابلين العامة مكتبة أم قصير والمقابلين العامة الأطفال 06/07/2004 346944   ط/ق/عبد 28/07/2025 06/07/2004 Books  
    Dewey Decimal Classification Unchecked   مكتبة البراءة للأطفال مكتبة البراءة للأطفال الأطفال 28/07/2025 346928   ط/ق/عبد 28/07/2025 28/07/2025 Books  
    Dewey Decimal Classification Unchecked   مكتبة الجويدة مكتبة الجويدة الأطفال 06/07/2004 346926   ط/ق/عبد 28/07/2025 06/07/2004 Books  
    Dewey Decimal Classification Unchecked   مكتبة الحسن العامة مكتبة الحسن العامة الأطفال 06/07/2004 346940   ط/ق/عبد 28/07/2025 06/07/2004 Books  
    Dewey Decimal Classification     مكتبة الراية الهاشمية للأطفال مكتبة الراية الهاشمية للأطفال الأطفال 28/07/2025 1106247   ط/ق/عبد 28/07/2025 28/07/2025 Books 1106247
    Dewey Decimal Classification Unchecked   مكتبة النصر العامة مكتبة النصر العامة الأطفال 06/07/2004 346941   ط/ق/عبد 28/07/2025 06/07/2004 Books  
    Dewey Decimal Classification Unchecked   مكتبة حمزة العامة مكتبة حمزة العامة الأطفال 06/07/2004 346938   ط/ق/عبد 28/07/2025 06/07/2004 Books  
    Dewey Decimal Classification     مكتبة حمزة العامة مكتبة حمزة العامة الأطفال 04/05/2018 1668928   ط/ق/عبد 28/07/2025 04/05/2018 Books PLD00420102
    Dewey Decimal Classification Unchecked   مكتبة صويلح العامة مكتبة صويلح العامة الأطفال 06/07/2004 346942   ط/ق/عبد 28/07/2025 06/07/2004 Books  
    Dewey Decimal Classification     مكتبة وادي السير العامة مكتبة وادي السير العامة الأطفال 06/07/2004 346936   ط/ق/عبد 28/07/2025 06/07/2004 Books 346934
Implemented & Customized by: BBB with SCIT (Smart Chains for Information Technology)

Powered by Koha